Kolonie von wem #2 - Statistiken

Allgemein
  • Dieses Quiz wurde 146 mal gespielt
  • Das Durchschnittsergebnis liegt bei 12 aus 15
Antwortstatistiken
Frage Antwort % Korrekt
Frankreich Guyana
97%
Dänemark Island
97%
Griechenland Nord-Mazedonien
97%
Deutschland Papua-Neuguinea
90%
Italien Eritrea
87%
Niederlande Indonesien
87%
Vereinigtes Königreich Ägypten
80%
Türkei Israel
80%
Belgien Demokratische Republik Kongo
77%
Russland Polen
77%
Spanien Äquatorialguinea
73%
Portugal Angola
70%
Japan Mongolei
70%
Vereinigte Staaten Hawaii
60%
Österreich Tschechien
60%
Keine übereinstimmenden Quizze gefunden
Verteilung der Resultate
Anzahl Personen mit jedem Resultat
Perzentil nach korrekt beantworteten Fragen
Ihre Resultats-Entwicklung
Sie haben dieses Quiz noch nicht gespielt